Manual para la restauración ecológica de los ecosistemas disturbados del distrito capital (Registro nro. 7390)
[ vista simple ]
| 000 -CABECERA | |
|---|---|
| Campo de control | 02260nam a22003377a 4500 |
| 005 - FECHA Y HORA DE LA ULTIMA TRANSACCION | |
| Campo de control | 20130717151525.0 |
| 008 - ELEMENTOS DE LONGITUD FIJA—INFORMACION GENERAL | |
| Campo de control | 110908s2010 ck abdo r 000 0dspa d |
| 020 ## - ISBN | |
| ISBN | 9789587163827 |
| 041 0# - IDIOMA | |
| Código de idioma para texto/pista de sonido o título separado | Español |
| 082 04 - NUMERO DE CLASIFICACION DECIMAL DEWEY | |
| Número de clasificación | 574.5 |
| Número del ítem | M29m |
| 245 00 - MENCION DE TITULO | |
| Título | Manual para la restauración ecológica de los ecosistemas disturbados del distrito capital |
| Mención de responsabilidad | José Ignacio Barrera Cataño...[et al.] |
| 250 ## - MENCION DE EDICION | |
| Mención de edición | 1a ed. |
| 260 ## - PUBLICACION, DISTRIBUCION, ETC. (PIE DE IMPRENTA) | |
| Lugar de publicación, distribución, etc. | Bogotá : |
| Nombre del editor, distribuidor, etc. | Pontificia Universidad Javeriana |
| -- | Secretaría Distrital de Ambiente |
| Fecha de publicación, distribución, etc. | 2010. |
| 300 ## - DESCRIPCION FISICA | |
| Extensión | 401 p. |
| Otros detalles físicos | ilustraciones, diagramas, fotos a color, mapas y tablas |
| Dimensiones | 28 cm. |
| 504 ## - NOTA DE BIBLIOGRAFIA, ETC. | |
| Nota de bibliografía | Incluye referencias bibliográficas (p. 367-392) y glosario. |
| 505 0# - NOTA DE CONTENIDO | |
| Title | Conceptos básicos para abordar la restauración ecológica. -- |
| -- | Bogotá Distrito Capital y sus ecosistemas. -- |
| -- | El papel del Estado y la sociedad civil en la gestión ambiental y la restauración ecológica de las áreas degradadas del Distrito Capital. -- |
| -- | Fases para desarrollar un proyecto de restauración ecológica. -- |
| -- | La investigación como soporte de la restauración ecológica. -- |
| -- | Estrategias para la restauración ecológica de áreas disturbadas en el Distrito Capital. -- |
| -- | Algunas experiencias de restauración ecológica en el Distrito Capital. -- |
| -- | Plantas para la restauración ecológica. |
| 590 ## - NOTA LOCAL | |
| Nota local | Ejemplares con dedicatoria y autografiados por el autor. |
| 650 14 - ASIENTO SECUNDARIO DE MATERIA - TERMINO TEMATICO | |
| Término temático o nombre geográfico como elemento de entrada | Restauración ecológica |
| Subdivisión geográfica | Bogotá (Colombia) |
| 650 24 - ASIENTO SECUNDARIO DE MATERIA - TERMINO TEMATICO | |
| Término temático o nombre geográfico como elemento de entrada | Ecosistemas |
| Subdivisión geográfica | Bogotá (Colombia) |
| 650 24 - ASIENTO SECUNDARIO DE MATERIA - TERMINO TEMATICO | |
| Término temático o nombre geográfico como elemento de entrada | Ecología aplicada |
| Subdivisión geográfica | Bogotá (Colombia) |
| 650 24 - ASIENTO SECUNDARIO DE MATERIA - TERMINO TEMATICO | |
| Término temático o nombre geográfico como elemento de entrada | Gestión ambiental |
| Subdivisión geográfica | Bogotá (Colombia) |
| 650 24 - ASIENTO SECUNDARIO DE MATERIA - TERMINO TEMATICO | |
| Término temático o nombre geográfico como elemento de entrada | Política ambiental |
| Subdivisión geográfica | Bogotá (Colombia) |
| 650 24 - ASIENTO SECUNDARIO DE MATERIA - TERMINO TEMATICO | |
| Término temático o nombre geográfico como elemento de entrada | Protección del medio ambiente |
| Subdivisión geográfica | Bogotá (Colombia) |
| 700 1# - ASIENTO SECUNDARIO - NOMBRE PERSONAL | |
| Nombre personal | Barrera Cataño, José Ignacio |
| 700 1# - ASIENTO SECUNDARIO - NOMBRE PERSONAL | |
| Nombre personal | Contreras Rodríguez, Sandra Milena |
| 700 1# - ASIENTO SECUNDARIO - NOMBRE PERSONAL | |
| Nombre personal | Garzón Yepes, Natasha Valentina |
| 700 1# - ASIENTO SECUNDARIO - NOMBRE PERSONAL | |
| Nombre personal | Moreno Cárdenas, Ana Carolina |
| 710 2# - ASIENTO SECUNDARIO - NOMBRE CORPORATIVO | |
| Nombre corporativo o de jurisdicción como elemento de entrada | Pontificia Universidad Javeriana |
| Unidad subordinada | Facultad de Ciencias |
| -- | Departamento de Biología |
| -- | Escuela de Restauración Ecológica (ERE) |
| 710 2# - ASIENTO SECUNDARIO - NOMBRE CORPORATIVO | |
| Nombre corporativo o de jurisdicción como elemento de entrada | Pontificia Universidad Javeriana |
| Unidad subordinada | Facultad de Ciencias |
| -- | Departamento de Biología |
| -- | Unidad de Ecología y Sistemática (UNESIS) |
| 942 ## - ELEMENTOS ADICIONALES (KOHA) | |
| Sistema de clasificación | Dewey Decimal Classification |
| Tipo de ítem | |
| Withdrawn status | Lost status | Sistema de Clasificación | Damaged status | No para préstamo | Colección | Inventariado | Ubicación Permanente | Ubicación actual | Fecha de adquisición | Fuente de Valor | Valor | Total Checkouts | Número topográfico | Inventario / Código de Barras | Date last seen | Ejemplar | Price effective from | Forma de adquisición | Tipo de material | Fecha publicación (Año) |
|---|---|---|---|---|---|---|---|---|---|---|---|---|---|---|---|---|---|---|---|---|
| Dewey Decimal Classification | General | Inventariado 2017 | Bogotá | Bogotá | 17/07/2013 | Instituto | 39000.00 | LB-574.5 M29m | 028381 | 17/07/2013 | Ej. 1 | 17/07/2013 | Libro | |||||||
| Dewey Decimal Classification | General | Inventariado 2017 | Sala Fabio Quevedo | Sala Fabio Quevedo | 24/04/2015 | Instituto | 39000.00 | LB-574.5 M29m | 039020 | 24/04/2015 | Ej. 2 | 24/04/2015 | Libro | 2010 |